Introduction to biology (Record no. 394919)

MARC details
000 -LEADER
fixed length control field 00476 a2200193 4500
005 - DATE & TIME
control field 20260204150402.0
008 - FIXED-LENGTH DATA ELEMENTS--GENERAL INFORMATION
fixed length control field 260204b |||||||| |||| 00| 0 eng d
020 ## - ISBN
International Standard Book Number 9798898486150
Price $ 140.00
040 ## - CATALOGING SOURCE
Original cataloging agency VIVEKANANDA LIBRARY
082 ## - DDC NUMBER
Classification number 570
Book Number K461I
100 ## - MAIN ENTRY--PERSONAL NAME
Personal name Kerr, Ethelwynn, ed.
245 ## - TITLE STATEMENT
Title Introduction to biology
260 ## - PUBLICATION, DISTRIBUTION, ETC. (IMPRINT)
Name of publisher, distributor, etc Cell Publishing
Place of publication, distribution, etc Wyoming
Date of publication, distribution, etc 2026
300 ## - PHYSICAL DESCRIPTION
Pages 264
650 ## - Subject
Subject Biology
650 ## - Subject
Subject Food Proteomics
650 ## - Subject
Subject Proteomics
942 ## - ADDED ENTRY ELEMENTS (KOHA)
Koha item type Books
Holdings
Withdrawn status Lost status Source of classification or shelving scheme Damaged status Not for loan Location (home branch) Sublocation or collection (holding branch) Shelving location Date acquired Koha issues (times borrowed) Koha full call number Accession No. Koha date last seen Koha item type
    Dewey Decimal Classification     VIVEKANANDA LIBRARY VIVEKANANDA LIBRARY Vivekananda Library 05/01/2026   570 K461I 444221 05/01/2026 Books
© Designed and Maintained by Vivekananda Library, MDU Rohtak